000 00399nam a2200157Ia 4500
005 20250325041957.0
008 240331s9999 xx 000 0 und d
020 _a9556590498
082 _bMUT
_a894
245 0 _aMutpooku illakiyathil kavithai chuvadukal
260 _aChennai
_bKumaran Books house
_c2006
300 _a162 p .,
650 _akavithaigal
700 _aKumaran.
_eedt
942 _cL
999 _c4052
_d4052